|
|
|
|
| LEADER |
00000nam0a2200000 4500 |
| 001 |
363677 |
| 005 |
20231102011619.0 |
| 035 |
|
|
|a (RuTPU)RU\TPU\retro\21024
|
| 090 |
|
|
|a 363677
|
| 100 |
|
|
|a 20211007d1980 km y0rusy50 ca
|
| 101 |
0 |
|
|a rus
|
| 102 |
|
|
|a LV
|
| 105 |
|
|
|a a z 001zy
|
| 200 |
1 |
|
|a Прикладные методы расчета изделий из высокоэластичных материалов
|f Рижский политехнический институт ; под ред. Э. Э. Лавендела
|
| 210 |
|
|
|a Рига
|c Зинатне
|d 1980
|
| 215 |
|
|
|a 239 с.
|c ил.
|
| 320 |
|
|
|a Библиогр.: с. 230-236
|
| 606 |
1 |
|
|a Резиновые изделия технические
|x Производство
|2 stltpush
|3 (RuTPU)RU\TPU\subj\24675
|9 48976
|
| 610 |
1 |
|
|a высокоэластичность
|
| 610 |
1 |
|
|a высокоэнергетические материалы
|
| 610 |
1 |
|
|a расчеты
|
| 610 |
1 |
|
|a методы
|
| 610 |
1 |
|
|a деформации
|
| 610 |
1 |
|
|a саморазогрев
|
| 610 |
1 |
|
|a динамические задачи
|
| 610 |
1 |
|
|a характеристики
|
| 675 |
|
|
|a 678.4.06
|v 4
|
| 702 |
|
1 |
|a Лавендел
|b Э. Э.
|4 340
|
| 712 |
0 |
2 |
|a Рижский политехнический институт
|2 stltpush
|3 (RuTPU)RU\TPU\col\7561
|9 24345
|
| 801 |
|
1 |
|a RU
|b 63413507
|c 20211007
|
| 942 |
|
|
|c BK
|